Getting started with R: an introduction for biologists

Bewaard in:
Bibliografische gegevens
Hoofdauteurs: Beckerman, Andrew P (Auteur), Petchey, Owen L (Auteur)
Formaat: Boek
Taal:Engels
Gepubliceerd in: Oxford Oxford University Press 2012
Editie:1a. ed
Onderwerpen:
Tags: Voeg label toe
Geen labels, Wees de eerste die dit record labelt!

MARC

LEADER 00000cam a2200000 a 4500
001 UCD7665
003 CL-VaPUC
008 170331e20120000uk |||||||||||||||||eng|d
020 |a 9780199601615 
020 |a 9780199601622 
082 0 4 |a 519.5  |b BEC  |2 21 
100 0 |a Beckerman, Andrew P  |e author  |9 591675 
700 0 |a Petchey, Owen L  |e author  |9 591676 
245 1 0 |a Getting started with R: an introduction for biologists 
250 |a 1a. ed 
300 |a 113 p 
942 |c BK 
945 |d 20170331 00:58:00  |a arojas 
260 |a Oxford  |b Oxford University Press  |c 2012 
650 0 |a Estadística matemática  |9 260028 
650 0 |a Lenguajes de programación   |9 259458 
650 0 |a Proceso de datos   |9 259776 
650 0 |a Biología  |9 262022 
583 |a last modification  |c 20170331 00:58:00  |k Rodrigo Vera 
999 |c 367633  |d 367631 
952 |0 0  |1 0  |2 ddc  |3 erb  |4 0  |6 519_500000000000000_BEC_2012  |7 0  |8 A  |9 482628  |a BIBCUR  |b BIBCUR  |i 5370779  |l 4  |o 519.5 BEC 2012  |p 5370779  |r 2025-04-22  |s 2023-09-05  |w 2019-11-24  |y BK  |z Catalogado en:20170331  |k CIM 
952 |0 0  |1 0  |3 erb  |4 0  |6 519_500000000000000_BEC_2012  |7 0  |8 CCM  |9 482629  |a BIBCUR  |b BIBCUR  |i 5370787  |o 519.5 BEC 2012  |p 5370787  |r 2025-04-22  |w 2019-11-24  |y BK_R  |z Catalogado en:20170331  |k CIM